Bharatat siksha bikashar itihas aru samashyawali (Record no. 4522)

MARC details
000 -LEADER
fixed length control field 00687cam a2200241ua 4500
001 - CONTROL NUMBER
control field 5345
005 - DATE AND TIME OF LATEST TRANSACTION
control field 20260515113852.0
008 - FIXED-LENGTH DATA ELEMENTS--GENERAL INFORMATION
fixed length control field 141127n ii |||gr||||Z||||||asm
020 ## - INTERNATIONAL STANDARD BOOK NUMBER
International Standard Book Number 81-7339-099-1
040 ## - CATALOGING SOURCE
Transcribing agency MAIN
041 ## - LANGUAGE CODE
Language code of text/sound track or separate title asm
082 ## - DEWEY DECIMAL CLASSIFICATION NUMBER
Classification number 370.54
100 ## - MAIN ENTRY--PERSONAL NAME
Personal name Sarma, Tarun Kumar,
Relator term Author.
245 ## - TITLE STATEMENT
Title Bharatat siksha bikashar itihas aru samashyawali
Statement of responsibility, etc. by Tarun Kumar Sarma
250 ## - EDITION STATEMENT
Edition statement 5th rev. & enl. publication.
260 ## - PUBLICATION, DISTRIBUTION, ETC.
Place of publication, distribution, etc. Dibrugarh:
Name of publisher, distributor, etc. Banalata,
Date of publication, distribution, etc. 2008.
300 ## - PHYSICAL DESCRIPTION
Extent 469p.
653 ## - INDEX TERM--UNCONTROLLED
Uncontrolled term Education
653 ## - INDEX TERM--UNCONTROLLED
Uncontrolled term History of Indian education
653 ## - INDEX TERM--UNCONTROLLED
Uncontrolled term Bharatat siksha bikashar itihas aru samashyawali
653 ## - INDEX TERM--UNCONTROLLED
Uncontrolled term Problems of Indian education
942 ## - ADDED ENTRY ELEMENTS (KOHA)
Koha item type Books
Holdings
Withdrawn status Lost status Damaged status Not for loan Home library Current library Shelving location Date acquired Total checkouts Full call number Barcode Date last seen Copy number Price effective from Koha item type
        Naharkatiya College Library Naharkatiya College Library General stacks 09/19/2020   370.54Education | SAR 19517 09/19/2020 3 09/19/2020 Books
        Naharkatiya College Library Naharkatiya College Library General stacks 09/19/2020   370.54Education | SAR 20662 09/19/2020 2 09/19/2020 Books
        Naharkatiya College Library Naharkatiya College Library General stacks 09/19/2020   370.54Education | SAR 20733 12/09/2020 1 09/19/2020 Books